| 000 | 00511nam a2200193Ia 4500 | ||
|---|---|---|---|
| 003 | GCL | ||
| 008 | 140319s9999 xx 000 0 eng d | ||
| 040 |
_aGCL / _cGCL |
||
| 082 | 0 | 4 |
_a780.904 _bG M |
| 100 | 1 | _aGRIFFITHS, PAUL | |
| 245 | 1 | 0 |
_aMODERN MUSIC AND AFTER / _cGRIFFITHS, PAUL |
| 260 |
_a[S.N] : _bOXFORD UNIVERSITY PRESS ، _c1995 |
||
| 300 | _a373 P P | ||
| 650 | 0 | 4 | _aHISTORY AND CRITICISM |
| 650 | 0 | 4 | _aMUSIC |
| 650 | 0 | 4 | _aMODERN MUSIC |
| 650 | 0 | 4 | _aالزواج المؤقت |
| 942 |
_2ddc _cBK |
||
| 999 |
_c11910 _d11910 |
||